书目信息 |
| 题名: |
环境经济学
|
|
| 作者: | 董小林 编著 | |
| 分册: | ||
| 出版信息: | 北京 人民交通出版社股份有限公司 2019.09 |
|
| 页数: | 405页 | |
| 开本: | 26cm | |
| 丛书名: | ||
| 单 册: | ||
| 中图分类: | X196 | |
| 科图分类: | ||
| 主题词: | 环境经济学--huan jing jing ji xue--高等学校--教材 | |
| 电子资源: | ||
| ISBN: | 978-7-114-15756-1 | |
| 000 | 01213nam0 2200277 450 | |
| 001 | 0100015493 | |
| 005 | 20201024210217.0 | |
| 010 | @a978-7-114-15756-1@dCNY55.00 | |
| 100 | @a20200304d2019 em y0chiy50 ea | |
| 101 | 0 | @achi |
| 102 | @aCN@b110000 | |
| 105 | @aa a 000yy | |
| 106 | @ar | |
| 200 | 1 | @a环境经济学@Ahuan jing jing ji xue@d= Environmental economics@f董小林编著@zeng |
| 205 | @a第3版 | |
| 210 | @a北京@c人民交通出版社股份有限公司@d2019.09 | |
| 215 | @a405页@c图@d26cm | |
| 320 | @a有书目 (第404-405页) | |
| 330 | @a本书在吸纳国内外环境经济研究成果的基础上编写而成, 全书共十三章, 内容包括: 绪论、环境经济学概论、经济学的有关基础理论、环保投资与环境效益、环境效益费用分析、环境投入产出分析、环境建设项目经济分析与评价、环保产业与环保融资、环境经济政策、环境管理的经济手段、绿色GDP、循环经济与清洁生产、环境指标与环境经济指标体系。 | |
| 333 | @a普通高等教育“十一五”国家级规划教材 教育部高等学校道路与工程教学指导分委员会“十三五”规划教材 | |
| 510 | 1 | @aEnvironmental economics@zeng |
| 606 | 0 | @a环境经济学@Ahuan jing jing ji xue@x高等学校@j教材 |
| 690 | @aX196@v5 | |
| 701 | 0 | @a董小林@Adong xiao lin@4编著 |
| 801 | 0 | @aCN@c20200304 |
| 905 | @a河南城建学院图书馆@dX196@f1@eD743 | |
| 环境经济学= Environmental economics/董小林编著.-第3版.-北京:人民交通出版社股份有限公司,2019.09 |
| 405页:图;26cm |
| 使用对象:普通高等教育“十一五”国家级规划教材 教育部高等学校道路与工程教学指导分委员会“十三五”规划教材 |
| ISBN 978-7-114-15756-1:CNY55.00 |
| 本书在吸纳国内外环境经济研究成果的基础上编写而成, 全书共十三章, 内容包括: 绪论、环境经济学概论、经济学的有关基础理论、环保投资与环境效益、环境效益费用分析、环境投入产出分析、环境建设项目经济分析与评价、环保产业与环保融资、环境经济政策、环境管理的经济手段、绿色GDP、循环经济与清洁生产、环境指标与环境经济指标体系。 |
| ● |
| 相关链接 |
|
|
|
正题名:环境经济学
索取号:X196/D743
 
预约/预借
| 序号 | 登录号 | 条形码 | 馆藏地/架位号 | 状态 | 备注 |
| 1 | 1497151 | 214971510 | 自科库501/501自科库 63排7列2层/ [索取号:X196/D743] | 在馆 |